000 00363 a2200157 4500
001 192824
020 _a978-85-260-1519-7
040 _cMagnum
100 _aSantanna, Affonso Romano de
240 1 0 _aAffonso romano de sant'anna
_lpor
245 1 0 _aAffonso romano de sant'anna
300 _a126
362 0 _a2010
697 _aLITERATURA GERAL
942 _cBK
999 _c192824
_d192824